000
00324nam a22001337a 4500
008
170310b xxu||||| |||| 00| 0 eng d
020
_a
155664021
041
_a
eng
080
_a
616 002 .77
100
_a
7
101
_a
SHM
245
_a
CURRENT THERAPY IN ALLEGRY IMMUNOLOGY AND RHEUMATOLOGY
_c
FAUCI.L
942
_2
udc
_c
BK
999
_c
7469
_d
7469